00727cam a2200193 a 450000100060000000300080000600500170001400800390003103500190007004000280008904100090011708200270012610000610015324501570021426000750037130000480044665100270049465100120052122080BD-RjUL20211209000750.0161116s1984 ii 001 0 ben a(BD-RjUL)22145 aDLCcDLCdBD-RjULbben  aben 00a956.1 223 bKHA 1984  aখান, মুহম্মদ আলী আসগর 10aআধুনিক তুরস্কের ইতিহাস :b১৯১৯-১৯৮০ / cমুহম্মদ আলী আসগর খান  aঢাকা :bবাংলা একাডেমী,c১৯৮৪  a৩৭৮ পৃ. ;c২১ সেমি .  aতুরুস্ক  aTurkey